Country Facts Tile Select - Statistics

General Stats
  • This quiz has been taken 14 times
  • The average score is 61 of 85
Answer Stats
Question Tile Select % Correct
Countries that existed in the year 2000 Lebanon Yes
100%
Countries that existed in the year 2000 Abyssinia No
93%
Countries that existed in the year 2000 Austria-Hungary No
93%
Countries that are NOT landlocked Bolivia No
93%
Countries that existed in the year 2000 Bougainville No
93%
Countries that are NOT landlocked Burkina Faso No
93%
Countries that existed in the year 2000 Czechoslovakia No
93%
Countries that existed in the year 2000 East Germany No
93%
Countries that existed in the year 2000 Equatorial Guinea Yes
93%
Countries that existed in the year 2000 Haiti Yes
93%
Countries that existed in the year 2000 Monaco Yes
93%
Countries that existed in the year 2000 Rwanda Yes
93%
Countries that existed in the year 2000 South Sudan No
93%
Countries that existed in the year 2000 Belarus Yes
86%
Countries that are entirely east of Vienna Central African Republic No
86%
Countries that existed in the year 2000 El Salvador Yes
86%
Countries that are NOT landlocked Ethiopia No
86%
Countries that existed in the year 2000 Laos Yes
86%
Countries that are NOT landlocked Laos No
86%
Countries that existed in the year 2000 Maldives Yes
86%
Countries that are entirely east of Vienna Malta No
86%
Countries that existed in the year 2000 Moldova Yes
86%
Countries that existed in the year 2000 Palau Yes
86%
Countries that border Either Turkey or Serbia, but not both Russia No
86%
Countries that are NOT landlocked San Marino No
86%
Countries that existed in the year 2000 Soviet Union No
86%
Countries that are entirely east of Vienna Sweden No
86%
Countries that existed in the year 2000 Yemen Yes
86%
Countries that existed in the year 2000 Yugoslavia No
86%
Countries that are NOT landlocked Belarus No
79%
Countries that are NOT landlocked Belgium Yes
79%
Countries that existed in the year 2000 Belize Yes
79%
Countries that existed in the year 2000 Brunei Yes
79%
Countries that are entirely east of Vienna DR Congo No
79%
Countries that are in the Top Ten of most populous countries Germany No
79%
Countries that are in the Top Ten of most populous countries Indonesia Yes
79%
Countries that are NOT landlocked Lithuania Yes
79%
Countries that are entirely east of Vienna Namibia No
79%
Countries that are entirely east of Vienna Tanzania Yes
79%
Countries that are in the Top Ten of most populous countries Turkey No
79%
Countries that are entirely east of Vienna Vatican City No
79%
Countries that border Either Turkey or Serbia, but not both Albania No
71%
Countries that are NOT landlocked Bosnia and Herzegovina Yes
71%
Countries that border Either Turkey or Serbia, but not both Bulgaria No
71%
Countries that are entirely east of Vienna Cameroon No
71%
Countries that are NOT landlocked DR Congo Yes
71%
Countries that existed in the year 2000 Eritrea Yes
71%
Countries that are entirely east of Vienna Finland Yes
71%
Countries that are NOT landlocked Gambia Yes
71%
Countries that are in the Top Ten of most populous countries Iran No
71%
Countries that border Either Turkey or Serbia, but not both Lebanon No
71%
Countries that are in the Top Ten of most populous countries Nigeria Yes
71%
Countries that are in the Top Ten of most populous countries Pakistan Yes
71%
Countries that are in the Top Ten of most populous countries Russia Yes
71%
Countries that are entirely east of Vienna Slovenia No
71%
Countries that are in the Top Ten of most populous countries Bangladesh Yes
64%
Countries that border Either Turkey or Serbia, but not both Georgia Yes
64%
Countries that are NOT landlocked Iraq Yes
64%
Countries that are NOT landlocked Republic of Congo Yes
64%
Countries that are entirely east of Vienna South Africa No
64%
Countries that are NOT landlocked Syria Yes
64%
Countries that are NOT landlocked Armenia No
57%
Countries that border Either Turkey or Serbia, but not both Azerbaijan Yes
57%
Countries that border Either Turkey or Serbia, but not both Croatia Yes
57%
Countries that border Either Turkey or Serbia, but not both Greece Yes
57%
Countries that border Either Turkey or Serbia, but not both Iraq Yes
57%
Countries that existed in the year 2000 Montenegro No
57%
Countries that are entirely east of Vienna Montenegro Yes
57%
Countries that existed in the year 2000 Timor Leste No
57%
Countries that are entirely east of Vienna Zimbabwe Yes
57%
Countries that are in the Top Ten of most populous countries Egypt No
50%
Countries that are entirely east of Vienna Hungary No
50%
Countries that border Either Turkey or Serbia, but not both Hungary Yes
50%
Countries that border Either Turkey or Serbia, but not both Iran Yes
50%
Countries that are in the Top Ten of most populous countries Mexico Yes
50%
Countries that border Either Turkey or Serbia, but not both North Macedonia Yes
50%
Countries that are NOT landlocked Slovenia Yes
50%
Countries that are entirely east of Vienna South Sudan Yes
50%
Countries that are entirely east of Vienna Sudan Yes
50%
Countries that are entirely east of Vienna Uganda Yes
50%
Countries that are entirely east of Vienna Bosnia and Herzegovina No
36%
Countries that are entirely east of Vienna Botswana Yes
36%
Countries that are entirely east of Vienna Slovakia Yes
36%
Countries that are in the Top Ten of most populous countries Japan No
21%
Countries that are in the Top Ten of most populous countries Philippines No
21%
No matching quizzes found
Score Distribution
Percent of People with Each Score
Percentile by Number Answered
Your Score History
You have not taken this quiz